Welcome to the Holygrace Academy Library

Please use search bar below to get started

MONSTER STORIES FOR UNDER FIVES (Record no. 2592)

MARC details
000 -LEADER
fixed length control field 00300nam a22001337a 4500
020 ## - INTERNATIONAL STANDARD BOOK NUMBER
ISBN 0-7214-1639-X
082 ## - DEWEY DECIMAL CLASSIFICATION NUMBER
Classification number 823
Item number STI/M
100 ## - MAIN ENTRY--AUTHOR NAME
Personal name STIMSON, JOAN
245 ## - TITLE STATEMENT
Title MONSTER STORIES FOR UNDER FIVES
260 ## - PUBLICATION, DISTRIBUTION, ETC. (IMPRINT)
Place of publication LONDON
Name of publisher LADY BIRD
300 ## - PHYSICAL DESCRIPTION
Number of Pages 43
650 ## - SUBJECT ADDED ENTRY--TOPICAL TERM
Topical Term ENGLISH SHORT STORY
Geographic subdivision UK
942 ## - ADDED ENTRY ELEMENTS (KOHA)
Koha item type Books
Holdings
Withdrawn status Lost status Collection code Home library Current library Shelving location Date acquired Source of acquisition Full call number Accession Number Koha item type
    Fiction Main Library Main Library SHELF 3- C- LADY BIRD STORY BOOKS 09/04/2014 PURCHASE 823 STI/M 08527 Books
    Fiction Main Library Main Library SHELF-3-H-LADYBIRD STORY BOOKS 18/03/2014 PURCHASE 823 STI/M 06787 Books